Human being songs : (Record no. 3384)
[ view plain ]
| 000 -LEADER | |
|---|---|
| fixed length control field | 00530cam a2200169 i 4500 |
| 008 - FIXED-LENGTH DATA ELEMENTS--GENERAL INFORMATION | |
| fixed length control field | 160712s2017 akua b s000 j eng |
| 020 ## - INTERNATIONAL STANDARD BOOK NUMBER | |
| ISBN | 9781602233133 (pbk. : alk. paper) |
| 020 ## - INTERNATIONAL STANDARD BOOK NUMBER | |
| ISBN | 9781602233140 () |
| 100 1# - MAIN ENTRY--AUTHOR | |
| Author | Anderson, Jean, |
| 245 10 - TITLE STATEMENT | |
| Title | Human being songs : |
| Remainder of title | northern stories / |
| Statement of responsibility, etc | Jean Anderson. |
| 260 ## - PUBLICATION, DISTRIBUTION, ETC. (IMPRINT) | |
| Place of publication | Fairbanks |
| Name of publisher | University Of Alaska Press |
| Date of publication | 2017 |
| 300 ## - COLLATION | |
| Pagination | x, 123 pages : |
| Other physical details | illustrations ; |
| 650 ## - TRACINGS | |
| Main Subject | Love Mysteries |
| Subdivision (1st) | Vagaries of Life |
| 942 ## - ADDED ENTRY ELEMENTS (KOHA) | |
| Item type | Books |
| 050 00 - LIBRARY OF CONGRESS CALL NUMBER | |
| Classification number | PS3551.N368 |
| Item number | A6 2017 |
| 082 00 - DEWEY DECIMAL CLASSIFICATION NUMBER | |
| Classification number | 813/.54 |
| Source of classification or shelving scheme | Not for loan | Permanent location | Current location | Date acquired | Accession No. | Full call number | Barcode. | Koha item type |
|---|---|---|---|---|---|---|---|---|
| Library of Congress Classification | Samuel Ogbemudia Main Library, University of Abuja | Samuel Ogbemudia Main Library, University of Abuja | 05/12/2025 | 2024/64173 | PS3551.A53 | 2025-1854 | Books |